Política criminal represiva: observación al sistema penal vijente i bases para uno nuevo
Saved in:
| Hovedforfatter: | |
|---|---|
| Format: | Bog |
| Sprog: | spansk |
| Udgivet: |
Santiago
Imprenta Cervantes
1909
|
| Fag: | |
| Tags: |
Tilføj Tag
Ingen Tags, Vær først til at tagge denne postø!
|
MARC
| LEADER | 00000nam a2200000 a 4500 | ||
|---|---|---|---|
| 001 | UCY7411 | ||
| 003 | CL-VaPUC | ||
| 008 | 950614e19090000CL |||||||||||||||||spa|d | ||
| 082 | 0 | 4 | |a 364 |b BRA |2 21 |
| 100 | 0 | |a Brandau, V |e author |9 337939 | |
| 245 | 1 | 0 | |a Política criminal represiva: observación al sistema penal vijente i bases para uno nuevo |
| 300 | |a 201 p | ||
| 942 | |c BK | ||
| 945 | |d 19950614 00:00:00 |a aalvarez | ||
| 260 | |a Santiago |b Imprenta Cervantes |c 1909 | ||
| 650 | 0 | |a Criminología |9 256168 | |
| 583 | |a last modification |c 19950614 00:00:00 |k Rodrigo Vera | ||
| 999 | |c 234810 |d 234808 | ||
| 952 | |0 0 |1 0 |4 0 |6 364_000000000000000_BRA_1909 |7 0 |8 X |9 241526 |a BIBDER |b BIBDER |d 2019-11-18 |i 2007924 |o 364 BRA 1909 |p 2007924 |r 2023-01-25 |w 2019-11-18 |y BK_X |k DER | ||
| 952 | |0 0 |1 0 |4 0 |6 364_000000000000000_BRA_1909 |7 0 |8 X |9 241527 |a BIBDER |b BIBDER |d 2019-11-18 |i 183410K |o 364 BRA 1909 |p 183410K |r 2023-01-25 |w 2019-11-18 |y BK_X |k DER | ||